أثر الإختلاف في القواعد الأصولية في إختلاف الفقهاء / (رقم التسجيلة. 28435)

تفاصيل مارك
000 -LEADER
fixed length control field 00640nam a22002057a 4500
005 - DATE AND TIME OF LATEST TRANSACTION
control field 20251108165446.0
008 - FIXED-LENGTH DATA ELEMENTS--GENERAL INFORMATION
fixed length control field 250721s1982 xx 000 0 ara d
082 14 - DEWEY DECIMAL CLASSIFICATION NUMBER
Classification number م/217.1/مصط
100 1# - MAIN ENTRY--PERSONAL NAME
Personal name الخن، مصطفى سعيد
245 10 - TITLE STATEMENT
Title أثر الإختلاف في القواعد الأصولية في إختلاف الفقهاء /
250 ## - EDITION STATEMENT
Edition statement ط3
264 1# - PRODUCTION, PUBLICATION, DISTRIBUTION, MANUFACTURE, AND COPYRIGHT NOTICE
Place of production, publication, distribution, manufacture بيروت :
Name of producer, publisher, distributor, manufacturer مؤسسة الرسالة،
Date of production, publication, distribution, manufacture, or copyright notice 1982.
300 ## - PHYSICAL DESCRIPTION
Extent 645ص
650 17 - SUBJECT ADDED ENTRY--TOPICAL TERM
Topical term or geographic name as entry element الفقه الإسلامي
650 17 - SUBJECT ADDED ENTRY--TOPICAL TERM
Topical term or geographic name as entry element الفقهاء المسلمون
650 17 - SUBJECT ADDED ENTRY--TOPICAL TERM
Topical term or geographic name as entry element فقه السنة
650 17 - SUBJECT ADDED ENTRY--TOPICAL TERM
Topical term or geographic name as entry element الإسلام
942 ## - ADDED ENTRY ELEMENTS (KOHA)
Source of classification or shelving scheme Dewey Decimal Classification
Koha item type مراجع
المقتنيات
حالة السحب حالة الفقدان مصدر التصنيف حالة التلف غير قابل للإعارة المكتبة الرئيسية المكتبة الحالية موقع الرف تاريخ التزويد الرقم المتسلسل Total Checkouts رقم الإستدعاء الباركود تاريخ آخر ظهور تاريخ الفاتورة نوع المادة (كوها)
    Dewey Decimal Classification   Not For Loan المكتبة المركزية المكتبة المركزية مراجع 06/07/2004 160386   م/217.1/مصط 160386 28/07/2025 06/07/2004 مراجع
    Dewey Decimal Classification   Not For Loan مكتبة الاميرة بديعة مكتبة الاميرة بديعة مراجع 06/07/2004 1368   م/217.1/مصط DUP-01_1368 28/07/2025 06/07/2004 مراجع
    Dewey Decimal Classification   Not For Loan مكتبة حمزة العامة مكتبة حمزة العامة مراجع 16/05/2015 [9333].   م/217.1/مصط PLD00324424 28/07/2025 16/05/2015 مراجع
Implemented & Customized by: BBB with SCIT (Smart Chains for Information Technology)

Powered by Koha